[Event "3rd International Chess Festival Sport "]
[Site "Paracin"]
[Date "2010.07.13"]
[Round "5.5"]
[White "Damljanovic Branko"]
[Black "Abramovic Bosko"]
[Result "1/2-1/2"]
[WhiteElo "2541"]
[BlackElo "2491"]
[Annotator "Milojevic,Boban"]
[PlyCount "40"]
[EventDate "2010.??.??"]
[TimeControl "5400"]

1. c4 e6 2. Nc3 d5 3. d4 Nf6 4. Bg5 Be7 5. cxd5 exd5 6. e3 c6 7. Bd3 Nbd7 8.
Qc2 Nh5 9. Bxe7 Qxe7 10. Nge2 Nb6 11. h3 g6 12. O-O-O Be6 13. Kb1 O-O-O 14. Ka1
Kb8 15. Na4 Nxa4 16. Qxa4 Ng7 17. Rc1 Bd7 18. Rhd1 Ne8 19. Nf4 Nd6 20. Qa3 Rhe8
1/2-1/2

[Event "3rd International Chess Festival Sport "]
[Site "Paracin"]
[Date "2010.07.13"]
[Round "5.5"]
[White "Dochev Dimitar"]
[Black "Kryakvin Dmitry"]
[Result "0-1"]
[WhiteElo "2430"]
[BlackElo "2603"]
[Annotator "Milojevic,Boban"]
[PlyCount "50"]
[EventDate "2010.??.??"]
[TimeControl "5400"]

1. e4 c5 2. Nf3 Nc6 3. d4 cxd4 4. Nxd4 Nf6 5. Nc3 d6 6. f3 e6 7. Be3 Be7 8. Qd2
O-O 9. O-O-O a6 10. g4 Nxd4 11. Qxd4 b5 12. h4 Rb8 13. Kb1 Nd7 14. h5 h6 15. g5
b4 16. Na4 Bxg5 17. Bxg5 Qxg5 18. Qxd6 Bb7 19. Be2 Ne5 20. Rhg1 Qf6 21. Nc5
Rfd8 22. Qb6 Bd5 23. Qa5 Bc4 24. Rxd8+ Rxd8 25. Bd1 Nc6 0-1

[Event "3rd International Chess Festival Sport "]
[Site "Paracin"]
[Date "2010.07.13"]
[Round "5.5"]
[White "Savic Miodrag R"]
[Black "Nikolov Sasho"]
[Result "0-1"]
[WhiteElo "2477"]
[BlackElo "2409"]
[Annotator "Milojevic,Boban"]
[PlyCount "72"]
[EventDate "2010.??.??"]
[TimeControl "5400"]

1. e4 d5 2. exd5 Qxd5 3. Nc3 Qd6 4. d4 Nf6 5. Bc4 a6 6. Nf3 Nc6 7. h3 Bf5 8.
O-O e6 9. Be3 O-O-O 10. Qe2 Nd5 11. a3 h6 12. Bxa6 Nxc3 13. bxc3 bxa6 14. Qxa6+
Kd7 15. Qa4 Ke7 16. c4 f6 17. Rfd1 Be4 18. Nd2 Bg6 19. Nf3 Be8 20. Qb3 Kf7 21.
Rd3 Be7 22. Re1 Na5 23. Qa2 Qa6 24. Nd2 Kg6 25. Bf4 c5 26. Rde3 e5 27. dxe5
Rxd2 28. Rg3+ Kh7 29. Bxd2 Nxc4 30. Bc3 fxe5 31. Rg4 Bf7 32. f4 h5 33. Rg3 Bh4
34. Rge3 Nxe3 35. Qxf7 Bxe1 36. Qxh5+ Qh6 0-1

[Event "3rd International Chess Festival Sport "]
[Site "Paracin"]
[Date "2010.07.13"]
[Round "5.5"]
[White "Ardeleanu Alin"]
[Black "Janev Evgeni"]
[Result "1/2-1/2"]
[WhiteElo "2399"]
[BlackElo "2463"]
[Annotator "Milojevic,Boban"]
[PlyCount "99"]
[EventDate "2010.??.??"]
[TimeControl "5400"]

1. e4 d6 2. d4 Nf6 3. Nc3 e5 4. dxe5 dxe5 5. Qxd8+ Kxd8 6. Bg5 c6 7. O-O-O+ Ke8
8. f4 Be7 9. Nf3 Ng4 10. Re1 f6 11. Bh4 exf4 12. e5 f5 13. Bxe7 Kxe7 14. Ne2
Nd7 15. Nxf4 Nc5 16. Bd3 Nf2 17. Rhf1 Nfxd3+ 18. cxd3 Ne6 19. g3 Nxf4 20. gxf4
Be6 21. Rg1 g6 22. Kc2 a5 23. a3 Rad8 24. h4 Bd5 25. Nd4 Rhg8 26. Re3 Bf7 27.
Kc3 Rd5 28. h5 Rgd8 29. Nf3 Rc5+ 30. Kd2 Bb3 31. Ne1 Bf7 32. Nf3 Bb3 33. Ne1
Bf7 34. hxg6 Bxg6 35. Nf3 Rc4 36. Nh4 Rxf4 37. Nxg6+ hxg6 38. Rxg6 Rg4 39. Rf6
Rf8 40. Rxf8 Kxf8 41. Rf3 f4 42. d4 Rg2+ 43. Kc1 Rg1+ 44. Kc2 Rg2+ 45. Kd3 Rxb2
46. Rxf4+ Ke7 47. Rh4 a4 48. Rh7+ Ke6 49. Rh6+ Ke7 50. Rh7+ 1/2-1/2

[Event "3rd International Chess Festival Sport "]
[Site "Paracin"]
[Date "2010.07.13"]
[Round "5.5"]
[White "Lajthajm Borko"]
[Black "Kojovic Dragan"]
[Result "1-0"]
[WhiteElo "2249"]
[BlackElo "2381"]
[Annotator "Milojevic,Boban"]
[PlyCount "69"]
[EventDate "2010.??.??"]
[TimeControl "5400"]

1. Nf3 Nf6 2. c4 g6 3. g3 Bg7 4. Bg2 O-O 5. Nc3 d5 6. cxd5 Nxd5 7. O-O Nc6 8.
Qb3 Nb6 9. d3 h6 10. Bd2 Bg4 11. Qd1 Qc8 12. Ne4 Bh3 13. Qc1 Bxg2 14. Kxg2 Kh7
15. a4 a5 16. Bc3 e5 17. h4 f5 18. Nc5 f4 19. Kh2 Nd5 20. Rg1 fxg3+ 21. Rxg3
Nf4 22. Qf1 b6 23. Ne4 Qd7 24. Rc1 Rf5 25. Bd2 Nh5 26. Qh3 Rd8 27. Rxg6 Nd4 28.
Nxd4 exd4 29. Rcc6 Qf7 30. Qg2 Nf4 31. Bxf4 Rxf4 32. Qg3 Rf8 33. Kg2 Qe7 34. h5
R4f5 35. Rxc7 1-0

[Event "3rd International Chess Festival Sport "]
[Site "Paracin"]
[Date "2010.07.13"]
[Round "5.5"]
[White "Simantsev Mikhail"]
[Black "Bojovic Dusan"]
[Result "1-0"]
[WhiteElo "2539"]
[BlackElo "2330"]
[Annotator "Milojevic,Boban"]
[PlyCount "61"]
[EventDate "2010.??.??"]
[TimeControl "5400"]

1. d4 Nf6 2. c4 e6 3. Nf3 b6 4. e3 Bb7 5. Bd3 c5 6. O-O Qc7 7. Nc3 a6 8. Qe2 d6
9. b3 Nbd7 10. Bb2 Be7 11. Rad1 cxd4 12. exd4 d5 13. Ne5 dxc4 14. bxc4 Nxe5 15.
dxe5 Nd7 16. f4 Nc5 17. Bc2 g6 18. Nd5 exd5 19. cxd5 Bxd5 20. Rxd5 O-O 21. f5
Qc6 22. Qf3 Ne6 23. Bb3 Nc7 24. Kh1 Nxd5 25. Bxd5 Qb5 26. f6 Bc5 27. Ba1 Rad8
28. Rd1 h6 29. e6 fxe6 30. Bxe6+ Kh7 31. Qb7+ 1-0

[Event "3rd International Chess Festival Sport "]
[Site "Paracin"]
[Date "2010.07.13"]
[Round "5.5"]
[White "Doric Nenad"]
[Black "Stanojoski Zvonko"]
[Result "0-1"]
[WhiteElo "2322"]
[BlackElo "2487"]
[Annotator "Milojevic,Boban"]
[PlyCount "94"]
[EventDate "2010.??.??"]
[TimeControl "5400"]

1. e4 c5 2. c3 d5 3. exd5 Qxd5 4. d4 Nf6 5. Nf3 Bg4 6. dxc5 Qxd1+ 7. Kxd1 e5 8.
b4 e4 9. h3 Bh5 10. g4 Nxg4 11. hxg4 Bxg4 12. Nbd2 exf3 13. Bd3 Nc6 14. Re1+
Be7 15. Kc2 h5 16. Be4 Kf8 17. Nxf3 Rc8 18. Bf4 b6 19. Nd4 Bd7 20. Nf5 bxc5 21.
b5 Na5 22. Nxe7 Kxe7 23. Bb7+ Be6 24. Bxc8 Rxc8 25. Rad1 Nc4 26. a4 Kf6 27. Rg1
Kf5 28. Bc1 g6 29. Rg5+ Kf6 30. Rg3 Kg7 31. Rh1 Rh8 32. Be3 h4 33. Rg5 Nxe3+
34. fxe3 f5 35. a5 Bd5 36. Rh2 Kf6 37. Rg1 g5 38. Kd3 g4 39. b6 axb6 40. axb6
h3 41. Ke2 Kg5 42. Rb1 Bb7 43. Kf2 Kh4 44. Rg1 Ra8 45. Rg3 Ra2+ 46. Kg1 Ra1+
47. Kf2 Be4 0-1

[Event "3rd International Chess Festival Sport "]
[Site "Paracin"]
[Date "2010.07.13"]
[Round "5.5"]
[White "Nestorovic Dejan"]
[Black "Strebkovs Andrejs"]
[Result "1-0"]
[WhiteElo "2422"]
[BlackElo "2325"]
[Annotator "Milojevic,Boban"]
[PlyCount "99"]
[EventDate "2010.??.??"]
[TimeControl "5400"]

1. d4 d6 2. c4 Nf6 3. Nc3 g6 4. e4 Bg7 5. Be2 O-O 6. Bg5 Na6 7. Qd2 c6 8. O-O-O
Qe8 9. f3 e5 10. d5 cxd5 11. cxd5 Nc5 12. Kb1 Bd7 13. Rc1 a5 14. g4 b5 15. h4
b4 16. Nd1 Rc8 17. Nh3 Na4 18. Rxc8 Qxc8 19. Nhf2 Qb8 20. b3 Nc5 21. Nd3 Rc8
22. Nxc5 Rxc5 23. Be3 Rc7 24. Bd3 a4 25. Qe2 axb3 26. axb3 h5 27. g5 Ne8 28.
Rh2 Rc8 29. Ba6 Rd8 30. Qe1 Nc7 31. Bc4 Qb7 32. Ra2 Ra8 33. Rxa8+ Nxa8 34. Nb2
f5 35. Nd3 fxe4 36. fxe4 Bf8 37. Qxb4 Qc8 38. Qa5 Bg4 39. Qa7 Bf3 40. Nf2 Nc7
41. Bb6 Ne8 42. Kb2 Ng7 43. Bb5 Bg4 44. Bc6 Be2 45. Bd7 Qa6 46. Qxa6 Bxa6 47.
b4 Kf7 48. b5 Bb7 49. Bc6 Bc8 50. Bd8 1-0

[Event " 3rd International Chess Festival Sport "]
[Site "Paracin"]
[Date "2010.07.13"]
[Round "5.9"]
[White "Pakhomov, Alexey"]
[Black "Zivkovic, Ivan B"]
[Result "1/2-1/2"]
[WhiteElo "2412"]
[BlackElo "2326"]
[PlyCount "76"]
[EventDate "2010.07.09"]

1. e4 c5 2. Nf3 d6 3. d4 cxd4 4. Nxd4 Nf6 5. Nc3 a6 6. f4 Qc7 7. Be2 Nc6 8. Be3
e6 9. Qd2 Be7 10. O-O-O Bd7 11. Nb3 Na5 12. Nxa5 Qxa5 13. g4 Bc6 14. Bf3 b5 15.
g5 b4 16. gxf6 bxc3 17. Qxc3 Qxc3 18. bxc3 gxf6 19. Rhf1 Rc8 20. Kb2 Rb8+ 21.
Kc1 Rc8 22. c4 Bb7 23. c5 dxc5 24. f5 h5 25. h4 Rd8 26. Be2 Rxd1+ 27. Rxd1 Bxe4
28. fxe6 fxe6 29. Bxa6 Bc6 30. Rd3 Rg8 31. Rc3 Rg4 32. Bxc5 Bd5 33. Bf2 Rg2 34.
Be3 Rh2 35. Bb5+ Kf8 36. Rc8+ Kg7 37. Rc7 Kf8 38. Rc8+ Kg7 1/2-1/2

[Event " 3rd International Chess Festival Sport "]
[Site "Paracin"]
[Date "2010.07.13"]
[Round "5.10"]
[White "Andrijevic, Milan"]
[Black "Irizanin, Radoje"]
[Result "0-1"]
[WhiteElo "2375"]
[BlackElo "2300"]
[PlyCount "76"]
[EventDate "2010.07.09"]

1. e4 Nf6 2. e5 Nd5 3. d4 d6 4. Nf3 dxe5 5. Nxe5 c6 6. c4 Nb4 7. Nd3 e5 8. dxe5
Bf5 9. Nxb4 Bxb4+ 10. Bd2 Na6 11. Nc3 Qd4 12. Be2 O-O-O 13. Qc1 Nc5 14. Be3
Nd3+ 15. Bxd3 Qxd3 16. Bxa7 Rhe8 17. f4 f6 18. Kf2 fxe5 19. Re1 Qd2+ 20. Qxd2
Rxd2+ 21. Re2 Rxb2 22. Rxb2 Bxc3 23. Rab1 Bxb1 24. Rxb1 exf4 25. Kf3 Bf6 26.
Bb6 Bd8 27. Bd4 g5 28. h4 gxh4 29. Kxf4 Re2 30. Rb2 Re1 31. Rc2 Kd7 32. Bf2 Rd1
33. Rb2 Kc8 34. Be3 Rd3 35. Ke4 Rc3 36. c5 Be7 37. Bd4 Rc4 38. Kd3 Rxd4+ 0-1

[Event " 3rd International Chess Festival Sport "]
[Site "Paracin"]
[Date "2010.07.13"]
[Round "5.11"]
[White "Popovic, Aleksandar M"]
[Black "Brankovic, Dejan"]
[Result "1-0"]
[WhiteElo "2244"]
[BlackElo "2352"]
[PlyCount "85"]
[EventDate "2010.07.09"]

1. g3 g6 2. Bg2 Bg7 3. e4 c5 4. Ne2 Nc6 5. O-O e6 6. c3 e5 7. Na3 d6 8. d4 cxd4
9. cxd4 Nge7 10. d5 Nb8 11. Bg5 O-O 12. Rc1 Na6 13. Nb5 Bg4 14. h3 Bc8 15. Qb3
h6 16. Be3 b6 17. Qa3 Nc5 18. b4 Na6 19. f4 Kh7 20. fxe5 dxe5 21. Rfd1 Qd7 22.
Nec3 Bb7 23. d6 Nc6 24. Nd5 Ncxb4 25. Ndc7 Rab8 26. Nxa7 f5 27. Rc4 f4 28. Bf2
f3 29. Bf1 Rf6 30. Rxb4 Nxb4 31. Qxb4 Bf8 32. Nab5 Rd8 33. Nd5 Bxd5 34. Rxd5
Bxd6 35. Nxd6 Rxd6 36. Bxb6 Rxd5 37. exd5 Rb8 38. Qc5 Rc8 39. Qa5 e4 40. Qa7
Qxa7 41. Bxa7 Ra8 42. Be3 Ra3 43. d6 1-0

[Event " 3rd International Chess Festival Sport "]
[Site "Paracin"]
[Date "2010.07.13"]
[Round "5.12"]
[White "Petrovic, Marija"]
[Black "Pantelic, Sasa"]
[Result "0-1"]
[WhiteElo "2208"]
[BlackElo "2335"]
[Annotator "Milojevic,Boban"]
[PlyCount "178"]
[EventDate "2010.07.09"]

1. d4 Nf6 2. Nf3 g6 3. Bg5 Bg7 4. Nbd2 d5 5. e3 O-O 6. c4 c5 7. dxc5 Qa5 8.
cxd5 Nxd5 9. Qb3 Qxc5 10. Be2 Nb6 11. O-O Be6 12. Qd3 Nc6 13. Nb3 Qb4 14. Nfd4
Nxd4 15. exd4 Bc4 16. Qe3 Bxe2 17. Qxe2 Nd5 18. Rac1 Rac8 19. Qe4 e6 20. h3 b6
21. Bd2 Qa4 22. Qb1 Bxd4 23. Bh6 Bg7 24. Bxg7 Kxg7 25. Rc2 Nb4 26. Rxc8 Rxc8
27. Qe4 Qb5 28. Nd4 Qd5 29. Nxe6+ Qxe6 30. Qxb4 Qxa2 31. Qd4+ Kg8 32. Re1 h5
33. Qd7 Rf8 34. Qd4 b5 35. Qf6 a5 36. g4 hxg4 37. hxg4 Qc4 38. f3 a4 39. Kg2
Qc2+ 40. Kg3 Qc7+ 41. f4 Qd8 42. Qe5 Qd3+ 43. Re3 Qd7 44. Qf6 Re8 45. Rxe8+
Qxe8 46. Kh4 b4 47. f5 Qe1+ 48. Kh3 Qe3+ 49. Kh4 a3 50. bxa3 bxa3 51. Qd8+ Kg7
52. f6+ Kh7 53. Qe7 g5+ 54. Kh5 Qh3+ 55. Kxg5 Qh6+ 56. Kf5 Qg6+ 57. Kf4 a2 58.
Qe5 Qh6+ 59. Kg3 Qc1 60. Qe4+ Kh6 61. Qd5 Qe3+ 62. Kg2 Qe2+ 63. Kg3 Qe1+ 64.
Kg2 Qh4 65. Qd2+ Kg6 66. Qc2+ Kxf6 67. Qb2+ Kg6 68. Qc2+ Kh6 69. Qxa2 Qxg4+ 70.
Kf2 Qf4+ 71. Kg2 Kg5 72. Qd5+ Kh4 73. Qa8 Qd2+ 74. Kf1 Qd3+ 75. Kg2 Qe2+ 76.
Kg1 f5 77. Qd8+ Kg4 78. Qg8+ Kf3 79. Qd5+ Qe4 80. Qd1+ Kg3 81. Qb3+ Qf3 82.
Qb8+ Qf4 83. Qb3+ Kh4 84. Qf7 Qg5+ 85. Kf2 Qg3+ 86. Ke2 Qg2+ 87. Ke3 Qe4+ 88.
Kf2 Qf4+ 89. Kg2 Qg3+ {...NECITKO} 0-1

[Event " 3rd International Chess Festival Sport "]
[Site "Paracin"]
[Date "2010.07.13"]
[Round "5.13"]
[White "Pavlov, Sergey"]
[Black "Zivkovic, Sava"]
[Result "1-0"]
[WhiteElo "2524"]
[BlackElo "2289"]
[PlyCount "69"]
[EventDate "2010.07.09"]

1. c4 c5 2. Nc3 Nc6 3. Nf3 g6 4. e3 Bg7 5. d4 d6 6. h3 Nh6 7. d5 Ne5 8. Nxe5
Bxe5 9. e4 Bg7 10. Be3 f5 11. Qd2 Nf7 12. exf5 Bxf5 13. Be2 Qa5 14. Rc1 O-O 15.
O-O a6 16. f4 b5 17. b3 bxc4 18. Bxc4 Bd7 19. a4 Qb4 20. Rfe1 Nd8 21. Qd3 Bf5
22. Ne4 Nb7 23. Bd2 Qb6 24. g4 Bxe4 25. Rxe4 Rf7 26. Rce1 Kf8 27. f5 gxf5 28.
Rf4 Na5 29. Rxf5 Nxc4 30. bxc4 Qb2 31. Rxf7+ Kxf7 32. Qxh7 Rh8 33. Rf1+ Ke8 34.
Qg6+ Kd7 35. Qf5+ 1-0

[Event " 3rd International Chess Festival Sport "]
[Site "Paracin"]
[Date "2010.07.13"]
[Round "5.14"]
[White "Adnoy, Hallvard V"]
[Black "Tosic, Miroslav"]
[Result "1/2-1/2"]
[WhiteElo "2275"]
[BlackElo "2423"]
[PlyCount "119"]
[EventDate "2010.07.09"]

1. d4 e6 2. c4 c5 3. d5 exd5 4. cxd5 d6 5. Nc3 a6 6. a4 Ne7 7. g3 Ng6 8. Bg2
Be7 9. Nf3 O-O 10. O-O Re8 11. h3 Nd7 12. Nd2 Rb8 13. Nc4 Nde5 14. Na3 f5 15.
f4 Nf7 16. Nc4 Bf6 17. e3 Bd7 18. a5 Bxc3 19. bxc3 Bb5 20. Qb3 h5 21. Rf3 Bxc4
22. Qxc4 Nh6 23. Qd3 Nf8 24. c4 Nd7 25. Bb2 Nf6 26. Kh2 Qe7 27. Bc3 Ne4 28. Be1
b5 29. axb6 Rxb6 30. Rb1 Reb8 31. Rxb6 Rxb6 32. Rf1 Rb2 33. Kg1 a5 34. Qa3 Qb7
35. Qxa5 Qb3 36. Bxe4 Qxe3+ 37. Bf2 Qxe4 38. Qd8+ Kh7 39. Qxd6 Re2 40. Qxc5 h4
41. gxh4 Qf3 42. Re1 Rxe1+ 43. Bxe1 Qxh3 44. Qd4 Ng4 45. Qd2 Ne3 46. Qe2 Ng4
47. d6 Qa3 48. Qd2 Qc5+ 49. Bf2 Nxf2 50. Qxf2 Qxd6 51. Qf3 Qd4+ 52. Kg2 Qxc4
53. Qh5+ Kg8 54. Qxf5 Qe2+ 55. Kg3 Qe3+ 56. Kg4 Qe2+ 57. Kg5 Qe7+ 58. Kh5 Qe8+
59. Qg6 Qe2+ 60. Kg5 1/2-1/2

[Event " 3rd International Chess Festival Sport "]
[Site "Paracin"]
[Date "2010.07.13"]
[Round "5.15"]
[White "Zlatanovic, Boroljub"]
[Black "Llaneza Vega, Patricia"]
[Result "1-0"]
[WhiteElo "2422"]
[BlackElo "2289"]
[PlyCount "75"]
[EventDate "2010.07.09"]

1. Nc3 d5 2. e4 d4 3. Nce2 e5 4. Ng3 Be6 5. Nf3 Nd7 6. c3 c5 7. Bb5 f6 8. Qe2
Ne7 9. O-O Ng6 10. d3 Be7 11. Nf5 O-O 12. h4 Nb6 13. h5 Nh8 14. N3h4 Rf7 15.
Qg4 Kf8 16. Qg3 Bxf5 17. Nxf5 g5 18. hxg6 Nxg6 19. Bh6+ Kg8 20. cxd4 cxd4 21.
Nh4 Kh8 22. Nxg6+ hxg6 23. Qxg6 Qg8 24. Qxg8+ Rxg8 25. Rac1 a6 26. Bc4 Nxc4 27.
Rxc4 Bd6 28. Rfc1 f5 29. exf5 Rf6 30. Bd2 Rxf5 31. Rc8 Rxc8 32. Rxc8+ Rf8 33.
Rxf8+ Bxf8 34. g4 Kg7 35. Kg2 Kf6 36. Kf3 Ke6 37. Ke4 Bg7 38. b3 1-0

[Event " 3rd International Chess Festival Sport "]
[Site "Paracin"]
[Date "2010.07.13"]
[Round "5.16"]
[White "Nestorovic, Nikola"]
[Black "Milosevic, Aleksandar"]
[Result "0-1"]
[WhiteElo "2420"]
[BlackElo "2244"]
[PlyCount "66"]
[EventDate "2010.07.09"]

1. e4 c5 2. Nf3 d6 3. d4 cxd4 4. Nxd4 Nf6 5. Nc3 a6 6. Be3 e6 7. g4 b5 8. g5
Nfd7 9. h4 Bb7 10. Bg2 Nb6 11. b3 N8d7 12. f4 Qc7 13. Nce2 Nc5 14. Ng3 d5 15.
e5 Ne4 16. Nge2 Bb4+ 17. Kf1 O-O 18. Rh3 Rae8 19. Kg1 Nd7 20. a3 Bc5 21. Ng3 f6
22. gxf6 gxf6 23. Nxe4 dxe4 24. Qg4+ Kf7 25. Rg3 Ke7 26. Rd1 Bd5 27. Qh5 Rf7
28. Nf5+ exf5 29. Rxd5 Bxe3+ 30. Rxe3 Qa7 31. Kf2 fxe5 32. Qh6 Rg8 33. Bh3 Rg6
0-1

[Event " 3rd International Chess Festival Sport "]
[Site "Paracin"]
[Date "2010.07.13"]
[Round "5.17"]
[White "Jerez Perez, Alfonso"]
[Black "Mikanovic, Sandro"]
[Result "1/2-1/2"]
[WhiteElo "2415"]
[BlackElo "2255"]
[PlyCount "84"]
[EventDate "2010.07.09"]

1. e4 c6 2. d4 d5 3. exd5 cxd5 4. c4 Nf6 5. Nc3 e6 6. Nf3 Bb4 7. cxd5 Nxd5 8.
Qc2 Nc6 9. Bd3 Nf6 10. O-O O-O 11. Rd1 h6 12. a3 Be7 13. Bf4 b6 14. Qd2 Re8 15.
Bb5 Bb7 16. Qe2 a6 17. Bc4 Bf8 18. Bg3 b5 19. Ba2 Rc8 20. Bh4 Ne7 21. Bxf6 gxf6
22. d5 Nxd5 23. Nxd5 exd5 24. Qd3 Bc5 25. Qf5 Qb6 26. Qg4+ Kh8 27. Qh4 Kg7 28.
b4 Bf8 29. Bb1 Rc4 30. Qg3+ Kh8 31. Bd3 Rc3 32. Qf4 Bc8 33. h3 Qd6 34. Qd4 Rc7
35. Rac1 Rxc1 36. Rxc1 Bg7 37. Bb1 f5 38. Qd3 Be6 39. Rd1 Rc8 40. Nd4 Qe5 41.
Qf3 Rc4 42. Ne2 Qb2 1/2-1/2

[Event " 3rd International Chess Festival Sport "]
[Site "Paracin"]
[Date "2010.07.13"]
[Round "5.18"]
[White "Pancevski, Filip"]
[Black "Ganaus, Hannes"]
[Result "1/2-1/2"]
[WhiteElo "2402"]
[BlackElo "2288"]
[PlyCount "83"]
[EventDate "2010.07.09"]

1. e4 c6 2. d4 d5 3. f3 e6 4. Nc3 Bb4 5. Qd3 Ne7 6. Bd2 O-O 7. a3 Ba5 8. Nge2
b5 9. g3 Bb6 10. Bg2 a5 11. Be3 Na6 12. O-O Bd7 13. Qd2 Be8 14. Rad1 f6 15. Nf4
Bf7 16. Bh3 Nc7 17. exd5 exd5 18. Rfe1 Re8 19. Bf2 Ng6 20. Rxe8+ Nxe8 21. Ne6
Qd6 22. Nc5 Nc7 23. Re1 Re8 24. Rxe8+ Bxe8 25. Ne2 Qe7 26. b3 Nf8 27. Nf4 g5
28. Nfd3 Nce6 29. Qe1 Kf7 30. Bf5 Nxc5 31. Nxc5 Qxe1+ 32. Bxe1 Ke7 33. a4 Bg6
34. Bxg6 hxg6 35. Kf1 Ne6 36. Nxe6 Kxe6 37. Bf2 Bc7 38. h3 f5 39. Ke2 Kf6 40.
Kd3 Ke6 41. Be1 bxa4 42. bxa4 1/2-1/2

[Event " 3rd International Chess Festival Sport "]
[Site "Paracin"]
[Date "2010.07.13"]
[Round "5.20"]
[White "Colovic, Dusan"]
[Black "Dimitrijevic, Radmilo"]
[Result "1-0"]
[WhiteElo "2369"]
[BlackElo "2211"]
[Annotator "Milojevic,Boban"]
[PlyCount "76"]
[EventDate "2010.07.09"]

1. d4 d5 2. Nc3 Nf6 3. Bg5 Bf5 4. f3 c6 5. Qd2 Nbd7 6. O-O-O h6 7. Bxf6 Nxf6 8.
Re1 e6 9. e4 Bh7 10. a3 Be7 11. Nh3 b5 12. e5 Nd7 13. Bd3 b4 14. axb4 Bxb4 15.
Bxh7 Qa5 16. Qd3 Qa1+ 17. Nb1 Bxe1 18. Rxe1 Rb8 19. b3 Nf8 20. Be4 Qa5 21. Qc3
Qxc3 22. Nxc3 dxe4 23. Nxe4 Ke7 24. Kb2 Nd7 25. Ra1 Rb7 26. Nf4 Rd8 27. Nd3 Rc7
28. c4 Rb8 29. Nc3 f6 30. f4 fxe5 31. fxe5 Rf8 32. c5 Nb8 33. Na4 Kd8 34. Kc2
Re7 35. Kc3 Rc7 36. Kd2 a6 37. Ke3 g5 38. Nf2 Rg7 {...necitko} 1-0

[Event " 3rd International Chess Festival Sport "]
[Site "Paracin"]
[Date "2010.07.13"]
[Round "5.21"]
[White "Pantic, Ivica"]
[Black "Kiroski, Toni"]
[Result "1/2-1/2"]
[WhiteElo "2269"]
[BlackElo "2362"]
[PlyCount "42"]
[EventDate "2010.07.09"]

1. e4 c5 2. Nf3 Nc6 3. d4 cxd4 4. Nxd4 Nf6 5. Nc3 e5 6. Ndb5 d6 7. Bg5 a6 8.
Na3 b5 9. Nd5 Qa5+ 10. Bd2 Qd8 11. Bg5 Qa5+ 12. Bd2 Qd8 13. Bg5 Qa5+ 14. Bd2
Qd8 15. Bg5 Qa5+ 16. Bd2 Qd8 17. Bg5 Qa5+ 18. Bd2 Qd8 19. Bg5 Qa5+ 20. Bd2 Qd8
21. Bg5 Qa5+ 1/2-1/2

[Event " 3rd International Chess Festival Sport "]
[Site "Paracin"]
[Date "2010.07.13"]
[Round "5.24"]
[White "Nestorovic, Lazar"]
[Black "Gavrilovic, Leonardo"]
[Result "1-0"]
[WhiteElo "2310"]
[BlackElo "2241"]
[PlyCount "81"]
[EventDate "2010.07.09"]

1. e4 Nf6 2. e5 Nd5 3. d4 d6 4. c4 Nb6 5. f4 dxe5 6. fxe5 Nc6 7. Be3 Bf5 8. Nf3
e6 9. Be2 Be7 10. O-O O-O 11. Nc3 f6 12. exf6 Bxf6 13. Qd2 Qe8 14. Rad1 Rd8 15.
Nb5 a6 16. Na3 Nxd4 17. Nxd4 c5 18. Qa5 cxd4 19. Bf2 Na4 20. Qb4 d3 21. Bf3
Nxb2 22. Rd2 Na4 23. Qxb7 Qe7 24. Qb3 Nc5 25. Qb6 Bd4 26. Bxd4 Rxd4 27. Nc2
dxc2 28. Rxd4 Qg5 29. Qxc5 Qe3+ 30. Kh1 c1=Q 31. Rxc1 Qxc1+ 32. Rd1 Qb2 33. Qd6
g5 34. h3 Qf2 35. Qe5 Qa7 36. c5 Rc8 37. c6 Qg7 38. Qa5 e5 39. Rd8+ Rxd8 40.
Qxd8+ Kf7 41. Bh5+ 1-0